000 00623nam a2200229Ia 4500
003 OSt
005 20221007070920.0
006 a|||||r|||| 00| 0
007 ta
008 221006b |||||||| |||| 00| 0 eng d
024 _a27,238
037 _cTextual
040 _aFLL
_cFLL
_beng
041 _2eng
_aeng
082 _aZ44974,922, L1
100 _aBahadur Kaisher
_9687935
245 0 _aJudicial customs of Nepal
260 _aKathmandu
_bRatna Pustak Bhandar Nepal
_c1971
300 _axxiv,1-432p
_ccm.
942 _hZ44974,922, L1
_cTEXL
_2CC
999 _c1141866
_d1141866